|
|
|
|
| LEADER |
00858nab a2200229 i 4500 |
| 001 |
misc61709 |
| 005 |
20220923101654.0 |
| 008 |
220516s1919 hu o 0|| fre d |
| 040 |
|
|
|a SZTE Miscellanea Repozitórium
|b hun
|
| 041 |
|
|
|a fre
|
| 041 |
|
|
|a tur
|
| 041 |
|
|
|a pol
|
| 100 |
1 |
|
|a Kowalski Tadeusz
|
| 245 |
1 |
0 |
|a Zagadki ludowe tureckie = Énigmes populaires turques
|h [elektronikus dokumentum] :
|b texte turc avec traduction et résumé français /
|c Kowalski Tadeusz
|
| 260 |
|
|
|a Nakł. Akad. Umiejętności
|b W Krakowie
|c 1919
|
| 300 |
|
|
|a 76 p.
|c 24 cm
|
| 561 |
|
|
|a Németh Gyula hagyaték
|
| 591 |
|
|
|a LOA 1971; NOA 2935
|
| 650 |
|
4 |
|a Bölcsészettudományok
|
| 650 |
|
4 |
|a Nyelvek és irodalom
|
| 695 |
|
|
|a Oszmán-török népköltészet - találós kérdések
|
| 856 |
4 |
0 |
|u http://misc.bibl.u-szeged.hu/61709/1/2935_noa_k85.pdf
|z Dokumentum-elérés
|